000 01169cab a22002175a 4500
001 L142228
008 080130e20080126xxk f 000 0 eng d
035 _a(Sirsi) u142228
041 0 _aeng
100 1 _aGallacher, Peter
245 0 0 _aPlay with fire and you could get burned
260 _c2008
490 _aEstates Gazette
_v(0803) 26 January 2008, 173(1)
520 _aAdvises property managers on how to ensure that fire safety risk assessments are carried out. Warns that penalties can be as high as £200 000 for a single site if suitable assessment if legally binding procedures are not followed. Common reasons for delays and failures to assess are addressed. Outlines the duties of the enforcing officer and how objectives for risk reduction are set and assessed. Details the procedure for ongoing review and draws attention to the key requirements for property managers: the appointment of a designated responsible person.
590 _aKA
650 2 4 _aREGULATORY REFORM (FIRE SAFETY) ORDER 2005
651 4 _aUnited Kingdom
_y
690 _aMANAGEMENT-HEALTH AND SAFETY-FIRE SAFETY-FIRE RISK ASSESSMENT
700 1 _aThomas, Jerome
942 _n0
999 _c79755
_d79755